00835nam a22002057a 4500999001900000005001700019010001500036020003100051035001400082037001300096082001100109245010000120260004400220270007700264300008100341700002300422700002200445942002500467952013700492 c178561d17856120210406162152.0 aENG-129372 a978-93-5388-295-2c1450.00 aEN-112904 bDBAD/PUB a327.54 aIndia's Foreign Policy: Surviving in a Turbulent World/cEdited by Arvind Gupta and Anil Wadhwa aNew DelhibSage Publication Indiac2020 aB1/1-1 Mohan Cooperative Industrial Area Mathura RoadbNew Delhie110044 axi+304p.c24cm(hbk)bIncluding tables, index and bibliographical references. aGupta, Arvind, Ed. aWadhwa, Anil, Ed. 2ddccENh327.54mIND 001040708NFICaBL4bBL4d2021-04-06eDBAD/PUBg1450.00l2o327.54 INDpEN-112904r2022-02-24 00:00:00s2022-02-15t1v1450.00yEN